Debemos dar vida a la Convención de Diversidad Biológica /

Sparad:
Bibliografiska uppgifter
Huvudupphovsman: Hernández, Carlos
Övriga upphovsmän: García, Giselle
Materialtyp: Text
Taggar: Lägg till en tagg
Inga taggar, Lägg till första taggen!

MARC

LEADER 00000 a a2200000 04500
001 7403
003
040
100 |a Hernández, Carlos  
245 |a Debemos dar vida a la Convención de Diversidad Biológica /  |c Carlos Hernández  
700 |a García, Giselle  
773 |g número 11; páginas 41-46  
999 |c 20375  |d 20375